[Event "CAN-ch U20 1997-98"]
[Site "Winnipeg CAN"]
[Date "1997.12.27"]
[Round "2"]
[White "Gulati, Justin"]
[Black "Dutton, Warren"]
[Result "1-0"]
[WhiteElo "2062"]
[BlackElo "2185"]
[PlyCount "71"]
[GameId "2160767911874216"]
[EventDate "1997.12.27"]
[EventType "tourn"]
[EventRounds "11"]
[EventCountry "CAN"]
[SourceTitle "EXT 2001"]
[Source "ChessBase"]
[SourceDate "2000.11.22"]
[SourceVersion "1"]
[SourceVersionDate "2000.11.22"]
[SourceQuality "1"]

1. e4 c5 2. Nc3 Nc6 3. g3 g6 4. Bg2 Bg7 5. d3 d6 6. Be3 Rb8 7. Qd2 b5 8. Nge2 b4 9. Nd1 a5 10. O-O Qb6 11. f4 Nf6 12. Nf2 O-O 13. h3 a4 14. g4 Ba6 15. f5 Rfc8 16. Nf4 Ne5 17. Rab1 Ne8 18. g5 Nc7 19. Ng4 Nxg4 20. hxg4 Be5 21. Qe1 b3 22. axb3 axb3 23. c4 Bb7 24. Qh4 Kg7 25. Qh6+ Kg8 26. Rf3 Bg7 27. Qh4 d5 28. Rh3 h5 29. gxh6 Bf6 30. g5 Be5 31. fxg6 dxc4 32. gxf7+ Kxf7 33. Qh5+ Kg8 34. Ng6 Bd4 35. Bxd4 Kh7 36. Nxe7 1-0

[Event "CAN-ch U20 1997-98"]
[Site "Winnipeg CAN"]
[Date "1997.12.27"]
[Round "2"]
[White "Henson, Joshua"]
[Black "Kirby, Patrick"]
[Result "1/2-1/2"]
[WhiteElo "2014"]
[BlackElo "2099"]
[PlyCount "77"]
[GameId "2160767911874217"]
[EventDate "1997.12.27"]
[EventType "tourn"]
[EventRounds "11"]
[EventCountry "CAN"]
[SourceTitle "EXT 2001"]
[Source "ChessBase"]
[SourceDate "2000.11.22"]
[SourceVersion "1"]
[SourceVersionDate "2000.11.22"]
[SourceQuality "1"]

1. e4 e5 2. Nf3 Nc6 3. Bb5 a6 4. Bxc6 dxc6 5. O-O Qd6 6. d3 Be6 7. Qe2 O-O-O 8. Be3 Nf6 9. Nbd2 h6 10. d4 Ng4 11. dxe5 Nxe5 12. Bd4 Nxf3+ 13. Nxf3 Bg4 14. Bc3 Qg6 15. Rfe1 Bd6 16. e5 Rhe8 17. Qe4 Bf5 18. Qe3 b6 19. Nh4 Qh5 20. Nxf5 Qxf5 21. Qe2 Kb7 22. Qe4 Qxe4 23. Rxe4 Re6 24. f4 f5 25. Re2 Bc5+ 26. Kf1 g5 27. b4 Bf8 28. g3 c5 29. bxc5 Bxc5 30. Rd2 Rxd2 31. Bxd2 gxf4 32. gxf4 Rg6 33. Re1 Rg1+ 34. Ke2 Rxe1+ 35. Bxe1 Kc6 36. h3 Be7 37. Kd3 Kd5 38. Bf2 b5 39. Be1 1/2-1/2

[Event "CAN-ch U20 1997-98"]
[Site "Winnipeg CAN"]
[Date "1997.12.27"]
[Round "2"]
[White "Hua, Lefong"]
[Black "Goldenberg, Danny"]
[Result "0-1"]
[WhiteElo "2298"]
[BlackElo "2369"]
[PlyCount "42"]
[GameId "2160767911874218"]
[EventDate "1997.12.27"]
[EventType "tourn"]
[EventRounds "11"]
[EventCountry "CAN"]
[SourceTitle "EXT 2001"]
[Source "ChessBase"]
[SourceDate "2000.11.22"]
[SourceVersion "1"]
[SourceVersionDate "2000.11.22"]
[SourceQuality "1"]

1. d4 Nf6 2. c4 c5 3. d5 b5 4. cxb5 a6 5. b6 e6 6. Nc3 Nxd5 7. Nxd5 exd5 8. Qxd5 Nc6 9. Nf3 Rb8 10. Ne5 Qf6 11. Nxc6 dxc6 12. Qf3 Be7 13. Bd2 Qxf3 14. gxf3 Bf6 15. Rc1 Bxb2 16. Rxc5 Rxb6 17. Ba5 Rb5 18. Rxc6 Bd7 19. Rc2 Ba3 20. Bc7 Bb4+ 21. Rd2 Rc5 0-1

[Event "CAN-ch U20 1997-98"]
[Site "Winnipeg CAN"]
[Date "1997.12.27"]
[Round "2"]
[White "Olson, Hans"]
[Black "Afrah, Navid"]
[Result "1/2-1/2"]
[WhiteElo "1862"]
[BlackElo "2210"]
[PlyCount "99"]
[GameId "2160767911874219"]
[EventDate "1997.12.27"]
[EventType "tourn"]
[EventRounds "11"]
[EventCountry "CAN"]
[SourceTitle "EXT 2001"]
[Source "ChessBase"]
[SourceDate "2000.11.22"]
[SourceVersion "1"]
[SourceVersionDate "2000.11.22"]
[SourceQuality "1"]

1. e4 c5 2. d4 cxd4 3. c3 g6 4. cxd4 Nf6 5. Nc3 d6 6. Bd3 Nc6 7. Nge2 Bg7 8. f3 O-O 9. a3 a6 10. Be3 b5 11. b4 Nd7 12. O-O Qb6 13. Bc2 Qa7 14. Bf2 Nb6 15. Bb3 Bd7 16. Rc1 Qb7 17. Qd3 a5 18. Nd5 Nxd5 19. Bxd5 axb4 20. Bxc6 Bxc6 21. d5 Bd7 22. axb4 Ra4 23. Qd2 f5 24. Bd4 Bxd4+ 25. Nxd4 Qa7 26. Kh1 Ra2 27. Qc3 Rc8 28. Qd3 Rxc1 29. Rxc1 Ra1 30. Rg1 Rxg1+ 31. Kxg1 Qa1+ 32. Kf2 Qb2+ 33. Nc2 fxe4 34. fxe4 Qe5 35. h3 e6 36. dxe6 Bxe6 37. Nd4 Bc4 38. Qe3 Qf6+ 39. Nf3 Qa1 40. Qd2 Qf6 41. Qg5 Qxg5 42. Nxg5 Kg7 43. Ke3 h6 44. Nf3 Kf6 45. Nd2 Bf7 46. Nf3 Bc4 47. Nd2 Ba2 48. Nf3 Bb3 49. Nd2 Bd1 50. Nb1 1/2-1/2

[Event "CAN-ch U20 1997-98"]
[Site "Winnipeg CAN"]
[Date "1997.12.27"]
[Round "2"]
[White "Zugic, Igor"]
[Black "Filion, Charles"]
[Result "1/2-1/2"]
[WhiteElo "2373"]
[BlackElo "2223"]
[PlyCount "43"]
[GameId "2160767911874220"]
[EventDate "1997.12.27"]
[EventType "tourn"]
[EventRounds "11"]
[EventCountry "CAN"]
[SourceTitle "EXT 2001"]
[Source "ChessBase"]
[SourceDate "2000.11.22"]
[SourceVersion "1"]
[SourceVersionDate "2000.11.22"]
[SourceQuality "1"]

1. d4 Nf6 2. Nf3 g6 3. g3 Bg7 4. Bg2 O-O 5. O-O d6 6. c4 Nc6 7. Nc3 a6 8. h3 Rb8 9. Be3 b5 10. Nd2 Bd7 11. d5 Na5 12. cxb5 axb5 13. b4 Nc4 14. Nxc4 bxc4 15. b5 Bxb5 16. Nxb5 Rxb5 17. a4 Ra5 18. Bd2 Ra8 19. Qc2 c6 20. dxc6 d5 21. Bc3 Qd6 22. Rad1 1/2-1/2

[Event "CAN-ch U20 1997-98"]
[Site "Winnipeg CAN"]
[Date "1997.12.28"]
[Round "3"]
[White "Afrah, Navid"]
[Black "Chin, Garrett"]
[Result "1-0"]
[WhiteElo "2210"]
[BlackElo "1985"]
[PlyCount "112"]
[GameId "2160767911874221"]
[EventDate "1997.12.27"]
[EventType "tourn"]
[EventRounds "11"]
[EventCountry "CAN"]
[SourceTitle "EXT 2001"]
[Source "ChessBase"]
[SourceDate "2000.11.22"]
[SourceVersion "1"]
[SourceVersionDate "2000.11.22"]
[SourceQuality "1"]

1. e4 e5 2. Nf3 Nc6 3. Bb5 f5 4. d3 fxe4 5. dxe4 Nf6 6. O-O Bc5 7. Qd3 d6 8. Nc3 O-O 9. Bxc6 bxc6 10. Qc4+ Kh8 11. Nxe5 Qe8 12. Nf3 a5 13. e5 Ng4 14. exd6 Qh5 15. Bf4 Ba6 16. Qa4 Bxf1 17. Rxf1 Bxf2+ 18. Rxf2 Nxf2 19. Kxf2 Qf5 20. Be3 cxd6 21. Qe4 Qd7 22. Kg1 Rae8 23. Qd3 Qe6 24. Bf2 Rb8 25. b3 Qf6 26. Bh4 Qh6 27. Qd2 Qg6 28. Bg3 Rbe8 29. Qd3 Qxd3 30. cxd3 Re3 31. Ne1 Rfe8 32. Kf1 d5 33. Bf2 Rf8 34. Kg1 Re6 35. Nf3 Ref6 36. Bb6 Rxf3 37. gxf3 Rxf3 38. Bxa5 Rxd3 39. Ne2 Rd1+ 40. Kf2 Ra1 41. a4 Rb1 42. b4 Ra1 43. Nd4 c5 44. bxc5 Rxa4 45. Nb3 Ra3 46. c6 Rxb3 47. c7 Rb2+ 48. Ke3 Rc2 49. Kd4 Rc4+ 50. Kxd5 Rc1 51. Bb6 Rxc7 52. Bxc7 h6 53. Ke6 Kh7 54. Kf7 h5 55. h4 Kh6 56. Bf4+ Kh7 1-0

[Event "CAN-ch U20 1997-98"]
[Site "Winnipeg CAN"]
[Date "1997.12.28"]
[Round "3"]
[White "Dutton, Warren"]
[Black "Zugic, Igor"]
[Result "0-1"]
[WhiteElo "2185"]
[BlackElo "2373"]
[PlyCount "128"]
[GameId "2160767911874223"]
[EventDate "1997.12.27"]
[EventType "tourn"]
[EventRounds "11"]
[EventCountry "CAN"]
[SourceTitle "EXT 2001"]
[Source "ChessBase"]
[SourceDate "2000.11.22"]
[SourceVersion "1"]
[SourceVersionDate "2000.11.22"]
[SourceQuality "1"]

1. e4 e6 2. d4 d5 3. Nd2 c5 4. c3 dxe4 5. Nxe4 cxd4 6. Qxd4 Qxd4 7. cxd4 Nf6 8. Nxf6+ gxf6 9. Nf3 Bd6 10. Bd3 Nc6 11. Bh6 Nb4 12. Bb1 Rg8 13. g3 Bd7 14. O-O Rc8 15. Rc1 Ke7 16. a3 Nd5 17. Re1 Bc6 18. Be4 Kd7 19. Nh4 Ne7 20. Kf1 Bxe4 21. Rxe4 Rc4 22. Nf3 Ng6 23. Rg4 Rgc8 24. h4 Rg8 25. h5 Ne7 26. Rg7 Rxg7 27. Bxg7 Nd5 28. Rd1 b5 29. Rd3 b4 30. a4 Rc1+ 31. Kg2 Ke7 32. Nd2 Ra1 33. b3 Rd1 34. Kf3 Rh1 35. h6 Bf4 36. Ne4 Bxh6 37. Bxh6 Rxh6 38. Rd2 f5 39. Nc5 Rh1 40. Ke2 Rc1 41. Kf3 Nc3 42. Kf4 h6 43. Nd3 Nd5+ 44. Kf3 Rc3 45. Kg2 Rxb3 46. Rd1 Rc3 47. Nc5 Nf6 48. Rb1 Rc4 49. Nd3 Nd5 50. Ne5 Rc3 51. Rh1 Nf6 52. Rxh6 Ng4 53. Nxg4 fxg4 54. Rh8 Ra3 55. Rg8 Rxa4 56. Rb8 a5 57. Rb7+ Kf6 58. Rb6 Kg7 59. Kf1 Ra3 60. Ke2 b3 61. Ke3 a4 62. Kf4 Ra2 63. Kxg4 Rxf2 64. Rb4 b2 0-1

[Event "CAN-ch U20 1997-98"]
[Site "Winnipeg CAN"]
[Date "1997.12.28"]
[Round "3"]
[White "Filion, Charles"]
[Black "Hua, Lefong"]
[Result "1/2-1/2"]
[WhiteElo "2223"]
[BlackElo "2298"]
[PlyCount "73"]
[GameId "2160767911874224"]
[EventDate "1997.12.27"]
[EventType "tourn"]
[EventRounds "11"]
[EventCountry "CAN"]
[SourceTitle "EXT 2001"]
[Source "ChessBase"]
[SourceDate "2000.11.22"]
[SourceVersion "1"]
[SourceVersionDate "2000.11.22"]
[SourceQuality "1"]

1. e4 c5 2. Nf3 e6 3. d4 cxd4 4. Nxd4 a6 5. Nc3 Qc7 6. Bd3 Nc6 7. Be3 Nf6 8. O-O Bd6 9. f4 Nxd4 10. e5 Bc5 11. exf6 Nxc2 12. fxg7 Bxe3+ 13. Kh1 Rg8 14. Ne4 Bd4 15. Bxc2 Bxg7 16. Nd6+ Ke7 17. Nxf7 Kxf7 18. Qh5+ Ke7 19. Qg5+ Kf8 20. Bxh7 Rh8 21. Rac1 Qd6 22. Qg6 Rxh7 23. Qxh7 Qe7 24. Rc7 Bxb2 25. Qc2 Qd8 26. Rb1 Ba3 27. Qc3 Bd6 28. Qh8+ Ke7 29. Qg7+ Ke8 30. Qg6+ Ke7 31. Qg7+ Ke8 32. Qg6+ Ke7 33. Qh7+ Ke8 34. Qh5+ Ke7 35. Qg5+ Ke8 36. Qh5+ Ke7 37. Qg5+ 1/2-1/2

[Event "CAN-ch U20 1997-98"]
[Site "Winnipeg CAN"]
[Date "1997.12.28"]
[Round "3"]
[White "Goldenberg, Danny"]
[Black "Gulati, Justin"]
[Result "1-0"]
[WhiteElo "2369"]
[BlackElo "2062"]
[PlyCount "83"]
[GameId "2160767911874225"]
[EventDate "1997.12.27"]
[EventType "tourn"]
[EventRounds "11"]
[EventCountry "CAN"]
[SourceTitle "EXT 2001"]
[Source "ChessBase"]
[SourceDate "2000.11.22"]
[SourceVersion "1"]
[SourceVersionDate "2000.11.22"]
[SourceQuality "1"]

1. e4 g6 2. d4 Bg7 3. Nf3 d6 4. Nc3 Nf6 5. Be2 O-O 6. O-O c6 7. Re1 Qc7 8. Bf4 Nbd7 9. e5 Nh5 10. exd6 exd6 11. Bg5 d5 12. Qd2 Re8 13. Bd3 Nhf6 14. h3 Nf8 15. Rxe8 Nxe8 16. Ne2 Ne6 17. Bh6 Nd6 18. Bxg7 Kxg7 19. Ng3 Bd7 20. c3 Re8 21. Ne5 f6 22. Nf3 Nf7 23. h4 Nf4 24. Bf1 Nh6 25. a4 Nf5 26. Ne2 Nxe2+ 27. Bxe2 Nd6 28. Bd3 Bf5 29. Bxf5 Nxf5 30. a5 Nd6 31. b3 Ne4 32. Qd3 Qf4 33. c4 Qf5 34. cxd5 Qxd5 35. Qc4 Qf5 36. a6 g5 37. hxg5 fxg5 38. axb7 g4 39. Qxc6 gxf3 40. Qxe8 Qg4 41. Qe5+ Kh6 42. Qh2+ 1-0

[Event "CAN-ch U20 1997-98"]
[Site "Winnipeg CAN"]
[Date "1997.12.28"]
[Round "3"]
[White "Kirby, Patrick"]
[Black "Olson, Hans"]
[Result "1-0"]
[WhiteElo "2099"]
[BlackElo "1862"]
[PlyCount "105"]
[GameId "2160767911874226"]
[EventDate "1997.12.27"]
[EventType "tourn"]
[EventRounds "11"]
[EventCountry "CAN"]
[SourceTitle "EXT 2001"]
[Source "ChessBase"]
[SourceDate "2000.11.22"]
[SourceVersion "1"]
[SourceVersionDate "2000.11.22"]
[SourceQuality "1"]

1. e4 e5 2. Nc3 Nc6 3. Bc4 Nf6 4. d3 Bc5 5. f4 d6 6. Nf3 Ng4 7. Qe2 exf4 8. Bxf4 Bf2+ 9. Kd1 Bb6 10. Rf1 O-O 11. h3 Nge5 12. Nxe5 dxe5 13. Bg3 Qg5 14. Be1 Nd4 15. Qd2 Qg6 16. Nd5 Qh5+ 17. Kc1 c6 18. Ne7+ Kh8 19. Nxc8 Raxc8 20. c3 Ne2+ 21. Kc2 Nf4 22. Bg3 Bc7 23. Rae1 Rcd8 24. Bxf4 exf4 25. Kb1 b5 26. Bb3 Rd7 27. Bc2 c5 28. Qf2 Qe5 29. Rd1 Rfd8 30. Ka1 a5 31. Qd2 b4 32. Rf3 h6 33. h4 f6 34. cxb4 axb4 35. Rdf1 Qe6 36. Qe2 Be5 37. Bb3 Qa6 38. Bc4 Qa5 39. Qc2 Rb8 40. Kb1 Ra7 41. Qb3 Qd8 42. Qc2 Qd4 43. Bb3 Rba8 44. Rc1 g5 45. Qe2 Qd6 46. hxg5 fxg5 47. Rh3 Rh7 48. Rch1 Ra6 49. Qg4 Qd4 50. Qc8+ Kg7 51. Qg8+ Kf6 52. Qf8+ Kg6 53. Rxh6+ 1-0

[Event "CAN-ch U20 1997-98"]
[Site "Winnipeg CAN"]
[Date "1997.12.28"]
[Round "4"]
[White "Afrah, Navid"]
[Black "Kirby, Patrick"]
[Result "1/2-1/2"]
[WhiteElo "2210"]
[BlackElo "2099"]
[PlyCount "112"]
[GameId "2160767911874227"]
[EventDate "1997.12.27"]
[EventType "tourn"]
[EventRounds "11"]
[EventCountry "CAN"]
[SourceTitle "EXT 2001"]
[Source "ChessBase"]
[SourceDate "2000.11.22"]
[SourceVersion "1"]
[SourceVersionDate "2000.11.22"]
[SourceQuality "1"]

1. e4 e5 2. Nf3 Nc6 3. Bb5 a6 4. Ba4 Nf6 5. d4 exd4 6. O-O d6 7. Nxd4 Bd7 8. Bxc6 bxc6 9. Nc3 Be7 10. Bf4 O-O 11. e5 dxe5 12. Bxe5 Bd6 13. Bg3 c5 14. Nb3 Be6 15. Qf3 Qb8 16. Rab1 Qb6 17. h3 Bxg3 18. Qxg3 c4 19. Nd2 Qc6 20. Qf3 Qxf3 21. Nxf3 Nd5 22. Na4 Bf5 23. Rbd1 Bxc2 24. Rxd5 Bxa4 25. Ne5 Bb5 26. Rc1 Rab8 27. Rc5 Rfc8 28. Rc2 g6 29. f4 Kg7 30. Rf2 f6 31. Nf3 c6 32. Nd4 Kf7 33. f5 Rb7 34. Rf4 Rd7 35. Kh2 Rd5 36. b4 cxb3 37. Nxb3 Rxc5 38. Nxc5 Rd8 39. a4 Bd3 40. fxg6+ hxg6 41. Rb4 Rd5 42. Rb7+ Ke8 43. Nxd3 Rxd3 44. Rb6 Rc3 45. Rxa6 Ke7 46. a5 Ke6 47. Ra8 Kf7 48. a6 Ra3 49. Kg1 Kg7 50. Kf2 c5 51. a7 c4 52. Ke2 Ra2+ 53. Kd1 c3 54. Kc1 c2 55. Kd2 f5 56. Kc1 Kh7 1/2-1/2

[Event "CAN-ch U20 1997-98"]
[Site "Winnipeg CAN"]
[Date "1997.12.28"]
[Round "4"]
[White "Chin, Garrett"]
[Black "Olson, Hans"]
[Result "1-0"]
[WhiteElo "1985"]
[BlackElo "1862"]
[PlyCount "65"]
[GameId "2160767911874229"]
[EventDate "1997.12.27"]
[EventType "tourn"]
[EventRounds "11"]
[EventCountry "CAN"]
[SourceTitle "EXT 2001"]
[Source "ChessBase"]
[SourceDate "2000.11.22"]
[SourceVersion "1"]
[SourceVersionDate "2000.11.22"]
[SourceQuality "1"]

1. d4 d5 2. e4 dxe4 3. Nc3 Nf6 4. f3 c6 5. Bc4 Nbd7 6. fxe4 Nb6 7. Bb3 e5 8. Bg5 Bg4 9. Bxf6 Qxf6 10. Qxg4 exd4 11. e5 Qxe5+ 12. Qe4 Qxe4+ 13. Nxe4 c5 14. a3 Be7 15. Nf3 O-O 16. O-O-O Rac8 17. Ba2 Nd7 18. Kb1 Nf6 19. Nxf6+ Bxf6 20. Rhe1 Rfd8 21. Ne5 Rc7 22. c3 Re7 23. cxd4 Rxd4 24. Rxd4 cxd4 25. Nd3 Kf8 26. Rxe7 Kxe7 27. Kc2 g5 28. Nc5 b6 29. Ne4 h5 30. Nxf6 Kxf6 31. Kd3 Ke7 32. Kxd4 f6 33. Ke4 1-0

[Event "CAN-ch U20 1997-98"]
[Site "Winnipeg CAN"]
[Date "1997.12.28"]
[Round "4"]
[White "Goldenberg, Danny"]
[Black "Filion, Charles"]
[Result "1-0"]
[WhiteElo "2369"]
[BlackElo "2223"]
[PlyCount "81"]
[GameId "2160767911874230"]
[EventDate "1997.12.27"]
[EventType "tourn"]
[EventRounds "11"]
[EventCountry "CAN"]
[SourceTitle "EXT 2001"]
[Source "ChessBase"]
[SourceDate "2000.11.22"]
[SourceVersion "1"]
[SourceVersionDate "2000.11.22"]
[SourceQuality "1"]

1. d4 Nf6 2. Nc3 d5 3. Bg5 Nbd7 4. Nf3 g6 5. e3 Bg7 6. Bd3 O-O 7. O-O c5 8. Re1 b6 9. e4 dxe4 10. Nxe4 Bb7 11. c3 cxd4 12. Nxd4 Nxe4 13. Bxe4 Bxe4 14. Rxe4 Nf6 15. Re1 Qd5 16. Nf3 Qb7 17. Qc2 Rfd8 18. Rad1 Rac8 19. Qb3 Ne4 20. Be3 Nd6 21. a4 Rd7 22. Bd4 Nc4 23. Bxg7 Kxg7 24. Rxd7 Qxd7 25. Rd1 Qc7 26. h3 Na5 27. Qd5 Nc6 28. Ng5 e6 29. Qd7 Qxd7 30. Rxd7 Ne5 31. Rxa7 Rc6 32. f4 h6 33. Nxe6+ Rxe6 34. fxe5 Rxe5 35. Ra6 Re6 36. b4 Kf6 37. a5 bxa5 38. Rxe6+ Kxe6 39. bxa5 Kd6 40. c4 Kc6 41. Kf2 1-0

[Event "CAN-ch U20 1997-98"]
[Site "Winnipeg CAN"]
[Date "1997.12.28"]
[Round "4"]
[White "Henson, Joshua"]
[Black "Dutton, Warren"]
[Result "1-0"]
[WhiteElo "2014"]
[BlackElo "2185"]
[PlyCount "79"]
[GameId "2160767911874231"]
[EventDate "1997.12.27"]
[EventType "tourn"]
[EventRounds "11"]
[EventCountry "CAN"]
[SourceTitle "EXT 2001"]
[Source "ChessBase"]
[SourceDate "2000.11.22"]
[SourceVersion "1"]
[SourceVersionDate "2000.11.22"]
[SourceQuality "1"]

1. e4 e5 2. Nf3 Nc6 3. Bb5 f5 4. Nc3 fxe4 5. Nxe4 d5 6. Nxe5 dxe4 7. Nxc6 Qd5 8. c4 Qc5 9. d4 exd3 10. Be3 Qd6 11. Nxa7+ c6 12. Nxc8 Rxc8 13. c5 Qd5 14. Qxd3 Nf6 15. Bc4 Qxg2 16. O-O-O Qg6 17. Qb3 Be7 18. Qxb7 Qf5 19. Qb3 Rd8 20. Bf7+ Kf8 21. Rxd8+ Bxd8 22. Rd1 Be7 23. Bc4 Qe5 24. Qb7 g5 25. Rd8+ Kg7 26. Rxh8 Kxh8 27. Qxc6 Qxh2 28. Qe6 Qh1+ 29. Kc2 Qe4+ 30. Qxe4 Nxe4 31. c6 Kg7 32. c7 Nd6 33. Bc5 Nc8 34. Bxe7 Nxe7 35. Be6 Kf6 36. c8=Q Nxc8 37. Bxc8 Ke5 38. f3 h5 39. Kd3 Kf4 40. Ke2 1-0

[Event "CAN-ch U20 1997-98"]
[Site "Winnipeg CAN"]
[Date "1997.12.28"]
[Round "4"]
[White "Hua, Lefong"]
[Black "Zugic, Igor"]
[Result "1-0"]
[WhiteElo "2298"]
[BlackElo "2373"]
[PlyCount "65"]
[GameId "2160767911874232"]
[EventDate "1997.12.27"]
[EventType "tourn"]
[EventRounds "11"]
[EventCountry "CAN"]
[SourceTitle "EXT 2001"]
[Source "ChessBase"]
[SourceDate "2000.11.22"]
[SourceVersion "1"]
[SourceVersionDate "2000.11.22"]
[SourceQuality "1"]

1. d4 Nf6 2. c4 e6 3. Nc3 Bb4 4. e3 O-O 5. Nge2 d5 6. a3 Be7 7. cxd5 Nxd5 8. Nxd5 Qxd5 9. Nc3 Qd8 10. Bc4 c6 11. O-O b5 12. Ba2 a6 13. Qe2 Bb7 14. Rd1 Nd7 15. e4 Nb6 16. Be3 Bd6 17. Rac1 Kh8 18. Qh5 Nd7 19. Bb1 g6 20. Qh3 f5 21. e5 Bb8 22. Ba2 Qe7 23. Bh6 Re8 24. Ne2 g5 25. Qh5 Rg8 26. h4 gxh4 27. Nf4 c5 28. Bxe6 Bxe5 29. dxe5 Nxe5 30. Qxf5 Rxg2+ 31. Nxg2 Nf3+ 32. Kh1 h3 33. Qxh3 1-0

[Event "CAN-ch U20 1997-98"]
[Site "Winnipeg CAN"]
[Date "1997.12.29"]
[Round "5"]
[White "Chin, Garrett"]
[Black "Henson, Joshua"]
[Result "1/2-1/2"]
[WhiteElo "1985"]
[BlackElo "2014"]
[PlyCount "40"]
[GameId "2160767911874233"]
[EventDate "1997.12.27"]
[EventType "tourn"]
[EventRounds "11"]
[EventCountry "CAN"]
[SourceTitle "EXT 2001"]
[Source "ChessBase"]
[SourceDate "2000.11.22"]
[SourceVersion "1"]
[SourceVersionDate "2000.11.22"]
[SourceQuality "1"]

1. d4 Nf6 2. Nc3 d5 3. e4 dxe4 4. f3 exf3 5. Nxf3 e6 6. Bg5 Be7 7. Bd3 Nbd7 8. O-O O-O 9. Qe1 c5 10. Qh4 Re8 11. Ne5 Nf8 12. Ne2 Bd7 13. Rf3 Bc6 14. Rh3 g6 15. Rf1 Nh5 16. Nxf7 Bxg5 17. Nxg5 Re7 18. g4 h6 19. Ne4 c4 20. gxh5 cxd3 1/2-1/2

[Event "CAN-ch U20 1997-98"]
[Site "Winnipeg CAN"]
[Date "1997.12.29"]
[Round "5"]
[White "Dutton, Warren"]
[Black "Goldenberg, Danny"]
[Result "0-1"]
[WhiteElo "2185"]
[BlackElo "2369"]
[PlyCount "112"]
[GameId "2160767911874234"]
[EventDate "1997.12.27"]
[EventType "tourn"]
[EventRounds "11"]
[EventCountry "CAN"]
[SourceTitle "EXT 2001"]
[Source "ChessBase"]
[SourceDate "2000.11.22"]
[SourceVersion "1"]
[SourceVersionDate "2000.11.22"]
[SourceQuality "1"]

1. b4 Nf6 2. Bb2 g6 3. g4 Bg7 4. g5 Nh5 5. Bxg7 Nxg7 6. Bg2 d5 7. Qc1 c6 8. Qb2 O-O 9. Nf3 a5 10. a3 axb4 11. axb4 Rxa1 12. Qxa1 Qd6 13. Qa3 Bf5 14. Nd4 Bd7 15. h4 e5 16. Nb3 e4 17. Nc5 b6 18. Na4 b5 19. Nc5 Nh5 20. e3 f6 21. Qb3 Rf7 22. Nc3 Qe5 23. d4 Qe7 24. Nxd5 cxd5 25. Qxd5 Bc6 26. Qe6 Qxe6 27. Nxe6 Bd5 28. Nc5 f5 29. Nd3 Ra7 30. Kd2 Nd7 31. Rb1 Nb6 32. Ne5 Nc4+ 33. Nxc4 Bxc4 34. Bf1 Bxf1 35. Rxf1 Kf7 36. Rc1 Rc7 37. Ra1 Ke6 38. Ra5 Rb7 39. Ra8 Kd5 40. Kc3 f4 41. Rd8+ Ke6 42. Re8+ Re7 43. d5+ Kf7 44. Rxe7+ Kxe7 45. Kd4 fxe3 46. fxe3 Kd6 47. c4 bxc4 48. Kxc4 Ng3 49. b5 Nf5 50. b6 Nxe3+ 51. Kd4 Nf5+ 52. Kxe4 Nxh4 53. Kd4 Nf3+ 54. Kc4 Nxg5 55. Kb5 Nf7 56. Ka6 Nd8 0-1

[Event "CAN-ch U20 1997-98"]
[Site "Winnipeg CAN"]
[Date "1997.12.29"]
[Round "5"]
[White "Gulati, Justin"]
[Black "Hua, Lefong"]
[Result "0-1"]
[WhiteElo "2062"]
[BlackElo "2298"]
[PlyCount "60"]
[GameId "2160767911874235"]
[EventDate "1997.12.27"]
[EventType "tourn"]
[EventRounds "11"]
[EventCountry "CAN"]
[SourceTitle "EXT 2001"]
[Source "ChessBase"]
[SourceDate "2000.11.22"]
[SourceVersion "1"]
[SourceVersionDate "2000.11.22"]
[SourceQuality "1"]

1. e4 c5 2. Nc3 Nc6 3. g3 g6 4. Bg2 Bg7 5. d3 d6 6. Be3 Rb8 7. Qd2 b5 8. Nge2 Nd4 9. O-O e6 10. f4 Ne7 11. Nd1 b4 12. c3 Nxe2+ 13. Qxe2 bxc3 14. bxc3 Qa5 15. Bd2 O-O 16. e5 Qc7 17. d4 cxd4 18. cxd4 Qb6 19. Qf2 Ba6 20. Re1 Rfd8 21. Nc3 dxe5 22. fxe5 Qxd4 23. Bg5 Bxe5 24. Bxe7 Qxf2+ 25. Kxf2 Bxc3 26. Bxd8 Bxa1 27. Rxa1 Rxd8 28. Ke3 Rd3+ 29. Ke4 Rd2 30. Bf3 Rxh2 0-1

[Event "CAN-ch U20 1997-98"]
[Site "Winnipeg CAN"]
[Date "1997.12.29"]
[Round "5"]
[White "Olson, Hans"]
[Black "Filion, Charles"]
[Result "0-1"]
[WhiteElo "1862"]
[BlackElo "2223"]
[PlyCount "78"]
[GameId "2160767911874237"]
[EventDate "1997.12.27"]
[EventType "tourn"]
[EventRounds "11"]
[EventCountry "CAN"]
[SourceTitle "EXT 2001"]
[Source "ChessBase"]
[SourceDate "2000.11.22"]
[SourceVersion "1"]
[SourceVersionDate "2000.11.22"]
[SourceQuality "1"]

1. e4 c5 2. d4 cxd4 3. c3 Nf6 4. e5 Nd5 5. Nf3 e6 6. cxd4 b6 7. Bc4 Bb7 8. O-O Be7 9. Bd2 O-O 10. Nc3 Nxc3 11. bxc3 d6 12. Re1 Nd7 13. Bd3 dxe5 14. Nxe5 Nf6 15. Re3 Qd5 16. Rg3 Kh8 17. Nf3 Ne4 18. Rh3 Bf6 19. Rb1 g6 20. c4 Qd7 21. Qe2 Nxd2 22. Qxd2 Bg7 23. Ng5 h6 24. Re1 Kg8 25. Ne4 Qxd4 26. Qc2 Rfd8 27. Kf1 Rac8 28. Nd2 Qc3 29. Qxc3 Bxc3 30. Rd1 Bxd2 31. Rxd2 h5 32. Rh4 Rc7 33. f3 Ba6 34. Ke2 Rdc8 35. Rc2 b5 36. cxb5 Rxc2+ 37. Bxc2 Rxc2+ 38. Kd3 Rxg2 39. bxa6 Rxa2 0-1

[Event "CAN-ch U20 1997-98"]
[Site "Winnipeg CAN"]
[Date "1997.12.29"]
[Round "6"]
[White "Dutton, Warren"]
[Black "Afrah, Navid"]
[Result "0-1"]
[WhiteElo "2185"]
[BlackElo "2210"]
[PlyCount "118"]
[GameId "2160767911874239"]
[EventDate "1997.12.27"]
[EventType "tourn"]
[EventRounds "11"]
[EventCountry "CAN"]
[SourceTitle "EXT 2001"]
[Source "ChessBase"]
[SourceDate "2000.11.22"]
[SourceVersion "1"]
[SourceVersionDate "2000.11.22"]
[SourceQuality "1"]

1. e4 d5 2. exd5 Qxd5 3. Nc3 Qd8 4. Bc4 g6 5. Nf3 Nh6 6. h3 Bg7 7. d4 Nf5 8. d5 O-O 9. g4 Nd6 10. Bb3 c5 11. Bf4 b5 12. a3 Nd7 13. Qd2 Re8 14. O-O-O Rb8 15. Kb1 c4 16. Ba2 b4 17. axb4 Rxb4 18. Be3 Ne4 19. Nxe4 Rxb2+ 20. Kc1 Rxa2 21. Bd4 Bxd4 22. Qxd4 Qa5 23. Nc3 Ra3 24. Kd2 Nf6 25. Rhe1 Nxd5 26. Qxd5 Qxc3+ 27. Ke2 Be6 28. Qe4 Qf6 29. Rd2 c3 30. Rd4 Bc8 31. Rb1 Qa6+ 32. Ke3 Ra1 33. Rb8 e5 34. Rc4 Bd7 35. Rcb4 Qd6 36. Rxe8+ Bxe8 37. Qc4 Bc6 38. Qxc3 Rh1 39. Nxe5 Rxh3+ 40. f3 Bd5 41. g5 Be6 42. Qb2 Qc5+ 43. Kf4 Rh4+ 44. Ng4 Bxg4 45. fxg4 Qf2+ 46. Ke5 Qc5+ 47. Kf4 Qd6+ 48. Kf3 Rh3+ 49. Ke4 Qe6+ 50. Kd4 Qxg4+ 51. Kc5 Qxg5+ 52. Kc6 Qg2+ 53. Kd7 Qd5+ 54. Kc7 Qc5+ 55. Kd7 Rc3 56. Rb8+ Kg7 57. Rb4 Qd5+ 58. Ke7 Qe5+ 59. Kd8 Kf8 0-1